[Event "I Open Ciutat de Sueca 2015"]
[Site "Sueca ESP"]
[Date "2015.08.02"]
[Round "8.32"]
[White "Calabuig Ferrer, Jose"]
[Black "Egea Herrero, Albert"]
[Result "0-1"]
[WhiteElo "1420"]
[BlackElo "1267"]
[PlyCount "102"]
[EventDate "2015.07.27"]
[EventType "swiss"]
[EventRounds "8"]
[EventCountry "ESP"]
[SourceTitle "Ajedrez en Madrid"]
[Source "lmi"]
[SourceDate "2015.05.27"]

1. e4 e5 2. Nf3 Nc6 3. Bb5 a6 4. Ba4 Nf6 5. d3 d6 6. h3 Be7 7. Be3 O-O 8. O-O
b5 9. Bb3 Na5 10. Nc3 Nxb3 11. axb3 Bb7 12. Re1 Re8 13. Qd2 Qd7 14. Ne2 Bf8 15.
Ng3 d5 16. exd5 Bxd5 17. Qd1 Bb7 18. Bd2 Bd6 19. Bc3 Qc6 20. Ne4 Nxe4 21. dxe4
Rad8 22. Qe2 b4 23. Bd2 Qxc2 24. Qc4 Qxc4 25. bxc4 Re6 26. b3 c5 27. Bc1 Bc7
28. Rb1 a5 29. Bg5 Rd3 30. Bh4 h6 31. Bg3 Bc6 32. Rb2 Re8 33. Kh2 f5 34. Nd2 f4
35. Bh4 g5 36. Bxg5 hxg5 37. Nf3 Bd8 38. Kg1 Re6 39. Kh2 Kf7 40. Kg1 Kf6 41.
Kh1 Red6 42. Rbb1 a4 43. bxa4 Bxa4 44. Rec1 Rd1+ 45. Rxd1 Rxd1+ 46. Rxd1 Bxd1
47. Nd2 b3 48. Nb1 b2 49. Na3 Ba5 50. Kg1 Bb4 51. Nb1 Bc2 0-1

[Event "I Open Ciutat de Sueca 2015"]
[Site "Sueca ESP"]
[Date "2015.08.02"]
[Round "8.33"]
[White "Moreno Grau, Jose Eugenio"]
[Black "Vila Tormo, Eduardo"]
[Result "0-1"]
[WhiteElo "1218"]
[BlackElo "1622"]
[PlyCount "103"]
[EventDate "2015.07.27"]
[EventType "swiss"]
[EventRounds "8"]
[EventCountry "ESP"]
[SourceTitle "Ajedrez en Madrid"]
[Source "lmi"]
[SourceDate "2015.05.27"]

1. e4 c5 2. Nf3 d6 3. d4 cxd4 4. Nxd4 Nf6 5. Nc3 a6 6. Bg5 e6 7. Bd3 Be7 8. Qd2
h6 9. Bh4 Qb6 10. Nb3 Nxe4 11. Nxe4 Bxh4 12. g3 Be7 13. f4 Nc6 14. c3 d5 15.
Nf2 d4 16. O-O dxc3 17. Qxc3 Bf6 18. Qd2 O-O 19. Rab1 Rd8 20. Qe2 Qa7 21. Qe4
g6 22. h4 Nb4 23. Be2 Nd5 24. Qg2 Ne3 25. Qh3 Nxf1 26. Qxf1 Bd7 27. Kh2 Bc6 28.
Ng4 Bg7 29. Na5 Be4 30. Rc1 Rac8 31. Rc4 Rxc4 32. Nxc4 b5 33. Nf2 bxc4 34. Nxe4
f5 35. Nc3 Bxc3 36. bxc3 Rd2 37. Kh3 g5 38. Qe1 Qe3 39. hxg5 Rxe2 40. Qh1 Qe4
41. Qd1 Qd3 42. Qh1 Qe4 43. Qxe4 fxe4 44. gxh6 Kh7 45. Kg4 Kxh6 46. f5 exf5+
47. Kxf5 Rxa2 48. Kxe4 Rd2 49. Kf5 a5 50. g4 Rg2 51. Ke4 a4 52. Kd4 0-1

[Event "I Open Ciutat de Sueca 2015"]
[Site "Sueca ESP"]
[Date "2015.08.02"]
[Round "8.37"]
[White "Jimenez Hernandez, Jose"]
[Black "Follana Albelda, Lucia"]
[Result "0-1"]
[WhiteElo "1335"]
[BlackElo "1129"]
[PlyCount "46"]
[EventDate "2015.07.27"]
[EventType "swiss"]
[EventRounds "8"]
[EventCountry "ESP"]
[SourceTitle "Ajedrez en Madrid"]
[Source "lmi"]
[SourceDate "2015.05.27"]

1. e4 d5 2. e5 Nc6 3. d4 a6 4. Nc3 Bf5 5. Bd3 Bxd3 6. Qxd3 g6 7. a3 Bg7 8. Nf3
e6 9. O-O Nge7 10. Re1 O-O 11. Ne2 Nf5 12. Bg5 f6 13. Nf4 Qd7 14. exf6 Bxf6 15.
Nxe6 Rfe8 16. Bxf6 Rxe6 17. Bg5 Rae8 18. c3 h6 19. Bd2 Na5 20. Qc2 Qe7 21. Ne5
Nc4 22. Nxg6 Rxe1+ 23. Rxe1 Qxe1+ 0-1